Nations of the World by Yakko Warner - Statistics

General Stats
  • This quiz has been taken 54 times
  • The average score is 50 of 127
Answer Stats
Country % Correct
United States ,
100%
Canada ,
97%
Mexico ,
91%
Haiti ,
89%
Jamaica ,
89%
Panama ,
89%
Peru .
89%
Cuba ,
86%
Republic Dominican ,
86%
Caribbean, Greenland, El Salvador too.
80%
Puerto Rico, Colombia ,
77%
Venezuela ,
77%
Guyana and still.
74%
Honduras ,
71%
Bolivia ,
63%
Brazil .
63%
Chile ,
63%
and Ecuador ,
63%
then Argentina ,
60%
Costa Rica ,
57%
Guatemala ,
57%
Scotland, Albania ,
54%
Bermuda, Bahamas , Tobago, San Juan.
54%
and French Guyana, Barbados and Guam.
54%
Belize ,
54%
and Germany now want peace.
54%
and Greece .
54%
Czechoslovakia, Italy ,
54%
Nicaragua ,
54%
Norway
54%
Poland ,
54%
Romania ,
54%
and Sweden
54%
Turkey
54%
Austria ,
51%
and Finland
51%
and Iceland
51%
Paraguay ,
51%
Suriname ,
51%
Switzerland ,
51%
Uruguay ,
51%
There's Syria ,
49%
Bulgaria ,
46%
Ireland ,
46%
Kuwait ,
46%
Lebanon ,
46%
The Netherlands ,
46%
Oman .
46%
Russia ,
46%
Both Yemen 's,
46%
and Bahrain .
43%
England, Denmark
43%
and Iran .
43%
Iraq
43%
Israel ,
43%
Saudi Arabia ,
43%
and Spain .
43%
Burma, Afghanistan ,
40%
Then Bangladesh Asia
40%
Cyprus ,
40%
France ,
40%
Hungary ,
40%
India ,
40%
Luxemburg ,
40%
Kampuchea, Malaysia ,
40%
Pakistan ,
40%
and Portugal ,
40%
Belgium
37%
and China ,
37%
Korea, Japan .
37%
Jordan ,
37%
and Bhutan .
34%
and Tibet Indonesia ,
34%
Thailand ,
34%
Then Borneo and Vietnam .
34%
Laos
31%
Mongolia ,
31%
Nepal
31%
New Guinea, Sumatra, New Zealand ,
31%
The Philippine Islands,
31%
Taiwan .
31%
Morocco ,
29%
Tunisia ,
29%
Uganda ,
29%
Botswana .
26%
Sri Lanka ,
26%
Angola ,
23%
Djibouti ,
23%
Mozambique ,
23%
Zimbabwe ,
23%
Zambia ,
20%
Chad
17%
Egypt ,
17%
Ghana .
17%
and Liberia ,
17%
Niger ,
17%
Nigeria ,
17%
Algeria ,
14%
Benin ,
14%
Ethiopia ,
14%
and Gabon .
14%
Swaziland, Gambia ,
14%
Guinea ,
14%
Lesotho
14%
Tanzania ,
14%
Togo , the Spanish Sahara is gone.
14%
Australia ,
11%
Burundi ,
11%
Cameroon , Congo, Zaire.
11%
and Palestine, Fiji ,
11%
Kenya ,
11%
Libya ,
11%
Liechtenstein ,
11%
and Malawi ,
11%
then Transylvania, Monaco ,
11%
Dahomey, Namibia ,
11%
Senegal ,
11%
Somalia ,
11%
Sudan .
11%
Guinea-Bissau ,
9%
Madagascar ,
9%
and Mali ,
9%
Malta ,
9%
Crete, Mauritania ,
9%
Hong Kong, Abu Dhabi, Qatar , Yugoslavia,
9%
Sierra Leone and Algiers.
9%
Rwanda , Mahore and Cayman,
6%
No matching quizzes found
Score Distribution
Percent of People with Each Score
Percentile by Number Answered
Your Score History
You have not taken this quiz